Tìm biện pháp nhân nuôi và tồn trữ vi khuẩn Burkholderia cepacia TG17 : (Chuyên ngành trồng trọt)

Nội dung đề tài nhằm tìm biện pháp nhân nuôi và tồn trữ chủng vi khuẩn Burkholderia cepacia TG17 trong điều kiện nhiệt độ bình thường.

שמור ב:
מידע ביבליוגרפי
מחבר ראשי: Dương, Thị Nguyễn Quyên
פורמט: ספר
שפה:Undetermined
יצא לאור: Cần Thơ Trường Đại học Cần Thơ 2007
נושאים:
תגים: הוספת תג
אין תגיות, היה/י הראשונ/ה לתייג את הרשומה!
Thư viện lưu trữ: Trung tâm Học liệu Trường Đại học Cần Thơ
LEADER 01012nam a2200217Ia 4500
001 CTU_135593
008 210402s9999 xx 000 0 und d
082 |a 632.9 
082 |b Qu603 
088 |a 606201 
100 |a Dương, Thị Nguyễn Quyên 
245 0 |a Tìm biện pháp nhân nuôi và tồn trữ vi khuẩn Burkholderia cepacia TG17 : 
245 0 |b (Chuyên ngành trồng trọt) 
245 0 |c Dương Thị Nguyễn Quyên ; Phạm Văn Kim giáo viên hướng dẫn 
260 |a Cần Thơ 
260 |b Trường Đại học Cần Thơ 
260 |c 2007 
520 |a Nội dung đề tài nhằm tìm biện pháp nhân nuôi và tồn trữ chủng vi khuẩn Burkholderia cepacia TG17 trong điều kiện nhiệt độ bình thường. 
650 |a Plants, protection of,Cây trồng, bảo vệ thực vật 
904 |i Tuyến 
980 |a Trung tâm Học liệu Trường Đại học Cần Thơ